000 00643nam a2200241Ia 4500
005 20260430150648.0
008 008 250103s9999 xx 000 0 eng d
037 _aTheses
040 _aCRL
040 _beng
040 _ceng
041 _2eng
041 _aeng
084 _qCRL
100 _aAnju Kumari Au.; Singh Hemant Kumar Gu.
_91238139
245 0 _aFree Actions of Sphere Groups on Some Finitistic Spaces
260 _c2023
300 _a99p.
650 _aMathematics
700 _aUniversity of Delhi. Faculty of Mathematical Sciences. Deptt. of Mathematics
_91237071
942 _cTH
999 _c1850328
_d1850328